Cargando…

Logic Pro X /

Detalles Bibliográficos
Clasificación:Libro Electrónico
Autor principal: Nahmani, David (Autor)
Formato: Electrónico eBook
Idioma:Inglés
Publicado: [San Francisco] : Peachpit Press, ©2014.
Colección:Apple Pro training series.
Temas:
Acceso en línea:Texto completo (Requiere registro previo con correo institucional)

MARC

LEADER 00000cam a2200000 a 4500
001 OR_ocn868307797
003 OCoLC
005 20231017213018.0
006 m o d
007 cr unu||||||||
008 140117s2014 caua o 001 0 eng d
040 |a IBZ  |b eng  |e pn  |c IBZ  |d IBZ  |d UMI  |d COO  |d DEBBG  |d OCLCQ  |d OCLCF  |d YDX  |d CEF  |d WYU  |d AU@  |d VT2  |d RDF  |d OCLCO  |d OCLCQ  |d OCLCO 
015 |a GBB389257  |2 bnb 
016 7 |a 016507576  |2 Uk 
019 |a 869214359  |a 1066593456  |a 1103253105 
020 |a 9780133756838  |q (electronic bk.) 
020 |a 0133756831  |q (electronic bk.) 
020 |z 9780321967596  |q (pbk.) 
020 |z 0321967593  |q (pbk.) 
029 1 |a DEBBG  |b BV042031587 
029 1 |a DEBSZ  |b 414170393 
029 1 |a GBVCP  |b 796785244 
035 |a (OCoLC)868307797  |z (OCoLC)869214359  |z (OCoLC)1066593456  |z (OCoLC)1103253105 
037 |a CL0500000366  |b Safari Books Online 
050 4 |a ML74.4.L64  |b N3463 2014 
082 0 4 |a 781.34536  |2 23 
049 |a UAMI 
100 1 |a Nahmani, David,  |e author. 
245 1 0 |a Logic Pro X /  |c David Nahmani. 
260 |a [San Francisco] :  |b Peachpit Press,  |c ©2014. 
300 |a 1 online resource (xix, 526 pages) :  |b illustrations 
336 |a text  |b txt  |2 rdacontent 
337 |a computer  |b c  |2 rdamedia 
338 |a online resource  |b cr  |2 rdacarrier 
490 1 |a Apple Pro training series 
500 |a Includes index. 
500 |a "Apple certified"--Cover 
521 8 |a Beginner/Intermediate. 
505 0 |a Make music with Logic now! -- Recording audio -- Editing audio -- Produce a virtual drum track -- Recording MIDI and using controllers -- Creating and editing MIDI -- Editing pitch and time -- Editing an arrangement -- Mixing -- Automating the mix --Appendix A. Using external MIDI devices -- Appendix B. Keyboard shortcuts (default for U.S. keyboard) -- Glossary. 
588 0 |a Print version record. 
590 |a O'Reilly  |b O'Reilly Online Learning: Academic/Public Library Edition 
630 0 0 |a Logic (Computer file) 
630 0 7 |a Logic (Computer file)  |2 fast 
650 0 |a Sound  |x Recording and reproducing  |x Digital techniques. 
650 7 |a Sound  |x Recording and reproducing  |x Digital techniques  |2 fast 
776 0 8 |i Print version: Nahmani, David.  |t Logic Pro X.  |d [San Francisco] : Peachpit Press, ©2014  |z 9780321967596  |w (OCoLC)859556502 
830 0 |a Apple Pro training series. 
856 4 0 |u https://learning.oreilly.com/library/view/~/9780133756838/?ar  |z Texto completo (Requiere registro previo con correo institucional) 
938 |a YBP Library Services  |b YANK  |n 14855895 
994 |a 92  |b IZTAP